NFL 2026 Rosters - Statistics

General Stats
  • This quiz has been taken 23 times
  • The average score is 61 of 75
Answer Stats
Question Tile Select % Correct
Bill 2026 Roster Brandon Aubrey No
100%
Bill 2026 Roster Cam Ward No
100%
Bill 2026 Roster Chris Olave No
100%
Bill 2026 Roster Dak Prescott No
100%
Bill 2026 Roster Darnell Washington No
100%
Bill 2026 Roster Jakobi Meyers No
100%
Bill 2026 Roster Jaxson Dart No
100%
Bill 2026 Roster J.K. Dobkins No
100%
Bill 2026 Roster Jonathon Brooks No
100%
Bill 2026 Roster Josh Allen Yes
100%
Bill 2026 Roster Kenneth Walker III No
100%
Bill 2026 Roster Lamar Jackson No
100%
Bill 2026 Roster Travis Hunter No
100%
Bill 2026 Roster Tyler Linderbaum No
100%
Bill 2026 Roster Keon Coleman Yes
95%
Bill 2026 Roster Zay Flowers No
95%
Bill 2026 Roster Dalton Kincaid Yes
90%
Bill 2026 Roster Troy Franklin No
90%
Giants 2026 Roster Alvin Kamara No
86%
Giants 2026 Roster Bo Nix No
86%
Jets 2026 Roster Caleb Downs No
86%
Giants 2026 Roster Daniel Jones No
86%
Jets 2026 Roster Devonte Smith No
86%
Jets 2026 Roster Drake London No
86%
Giants 2026 Roster Drake Maye No
86%
Jets 2026 Roster Jalen Hurts No
86%
Bill 2026 Roster James Cook III Yes
86%
Jets 2026 Roster Jauan Jennings No
86%
Jets 2026 Roster Joey Bosa No
86%
Jets 2026 Roster Jordan Addison No
86%
Giants 2026 Roster Justin Hurbert No
86%
Giants 2026 Roster Justin Jefferson No
86%
Giants 2026 Roster Keenan Allen No
86%
Jets 2026 Roster Keon Coleman No
86%
Giants 2026 Roster Malik Nabers Yes
86%
Giants 2026 Roster Minkah Fitzpatrick No
86%
Giants 2026 Roster Tee Higgens No
86%
Giants 2026 Roster TreVeyon Henderson No
86%
Jets 2026 Roster Tyler Warren No
86%
Giants 2026 Roster Woody Marks No
86%
Jets 2026 Roster Zay Flowers No
86%
Jets 2026 Roster Breece Hall Yes
81%
Giants 2026 Roster Cam Skattebo Yes
81%
Giants 2026 Roster Ceedee Lamb No
81%
Jets 2026 Roster Evan Engram No
81%
Bill 2026 Roster Khalil Shakir Yes
81%
Jets 2026 Roster Quinn Ewers No
81%
Jets 2026 Roster Tyler Lockett No
81%
Giants 2026 Roster Abdul Carter Yes
76%
Jets 2026 Roster Andy Dalton No
76%
Jets 2026 Roster Armand Membou Yes
76%
Giants 2026 Roster Boye Mafe No
76%
Bill 2026 Roster Dion Dawkins Yes
76%
Jets 2026 Roster Garrett Wilson Yes
76%
Bill 2026 Roster Tyler Bass Yes
76%
Giants 2026 Roster Tyrone Tracy Jr Yes
76%
Jets 2026 Roster Brady Cook Yes
71%
Giants 2026 Roster Darius Slayton Yes
71%
Jets 2026 Roster David Bailey Yes
71%
Giants 2026 Roster Deion Jones No
71%
Giants 2026 Roster Jaxson Dart Yes
71%
Giants 2026 Roster Kelvin Banks Jr No
71%
Jets 2026 Roster Arvell Reese No
67%
Jets 2026 Roster Braelon Allen Yes
67%
Giants 2026 Roster Brian Burns Yes
67%
Bill 2026 Roster Ray Davis Yes
67%
Jets 2026 Roster Adonai Mitchell Yes
62%
Giants 2026 Roster Devin Singletary Yes
62%
Bill 2026 Roster DJ Moore Yes
62%
Jets 2026 Roster Geno Smith Yes
62%
Bill 2026 Roster Ty Johnson Yes
62%
Giants 2026 Roster Jameis Winston Yes
57%
Giants 2026 Roster Deonte Banks Yes
43%
Jets 2026 Roster Minkah Fitzpatrick Yes
43%
Jets 2026 Roster Josh Myers Yes
33%
No matching quizzes found
Score Distribution
Percent of People with Each Score
Percentile by Number Answered
Your Score History
You have not taken this quiz